Factores que inciden en el personal médico para la prescripción de fármacos Hospitales de la provincia Altagracia 1999 (Registro nro. 244173)

000 -LEADER
fixed length control field 01081nam a2200325 i 4500
001 - CONTROL NUMBER
control field 244173
003 - CONTROL NUMBER IDENTIFIER
control field OSt
005 - DATE AND TIME OF LATEST TRANSACTION
control field 20180921
008 - FIXED-LENGTH DATA ELEMENTS--GENERAL INFORMATION
fixed length control field 0000001999 dr 0000000000spa00
040 ## - CATALOGING SOURCE
Original cataloging agency DLC
Transcribing agency DLC
100 ## - ASIENTO PRINCIPAL -- NOMBRE PERSONAL
Personal name Martínez Martínez, Dorotea
245 ## - TÍTULO PROPIAMENTE DICHO: SUBTÍTULO
Title Factores que inciden en el personal médico para la prescripción de fármacos Hospitales de la provincia Altagracia 1999
Mención de responsabilidad Dorotea Martínez Martínez, Julio Ernesto Palm Ureña, Francisca Alt. Cruz Zorrilla; asesora Ana Isabel Herrera
260 ## - PUBLICATION, DISTRIBUTION, ETC.
Place of publication, distribution, etc. República Dominicana :
Name of publisher, distributor, etc. Universidad Central del Este
300 ## - PHYSICAL DESCRIPTION
Extensión 1v. (en varias paginaciones)
502 ## - THESIS NOTE
Dissertation note Tesis (Licenciado en Farmacia)-- Universidad Central del Este, 1999
504 ## - BIBLIOGRAPHY, ETC. NOTE
Bibliography, etc. note Incluye bibliografía, índice y anexos
650 ## - ASIENTO SECUNDARIO DE MATERIA -- TERMINO TOPICO
Asiento secundario de materia Atención Médica
-- Farmacología
-- Ley 0050 de 1988
-- Medicamentos
-- Prescripcion de drogas
-- TC 6206
-- Tesis y disertaciones académicas
700 ## - ASIENTO SECUNDARIO -- NOMBRE PERSONAL
Personal name Gil Zorrilla, Francisca Altagracia
-- Herrera, Ana Isabel, ases
-- Palm Ureña, Julio Ernesto
942 ## - ADDED ENTRY ELEMENTS (KOHA)
Source of classification or shelving scheme
Koha item type Tesis
Existencias
Withdrawn status Lost status Source of classification or shelving scheme Damaged status Not for loan Permanent Location Current Location Date acquired Full call number Koha item type
          Biblioteca Central. Universidad Central del Este Biblioteca Central. Universidad Central del Este 2018-08-17 T 615.1 M385f 1999 Tesis
          Biblioteca Central. Universidad Central del Este Biblioteca Central. Universidad Central del Este 2018-08-17 T 615.1 M385f 1999 Tesis